Normal view
MARC view
- مومني، محمد احمد عفلة
Entry Personal Name
001 - CONTROL NUMBER
- control field: 47272
003 - CONTROL NUMBER IDENTIFIER
- control field: JO-AjAnu
005 - DATE AND TIME OF LATEST TRANSACTION
- control field: 20230606081815.0
008 - FIXED-LENGTH DATA ELEMENTS
- fixed length control field: 230606|| aca||aabn | a|a d
040 ## - CATALOGING SOURCE
- Original cataloging agency: JO-AjAnu
- Transcribing agency: JO-AjAnu
100 ## - HEADING--PERSONAL NAME
- Personal name: مومني، محمد احمد عفلة
670 ## - SOURCE DATA FOUND
- Source citation: Work cat.: (JO-AjAnu)24192: مومني، محمد احمد عفلة, author, الحرب العراقية الإيرانية: دراسة في الجغرافية السياسية